Statistics for Most Populous Counties in Mississippi

Click here to take the quiz!

General Stats

  • This quiz has been taken 21 times
  • The average score is 9 of 15

Answer Stats

PopulationCounty% Correct
219,888Hinds
94%
213,468Harrison
82%
145,087Jackson
82%
85,916Lee
82%
158,334Rankin
76%
193,984DeSoto
71%
108,144Madison
71%
74,852Forrest
59%
70,786Lauderdale
59%
55,450Lafayette
53%
50,601Oktibbeha
53%
65,461Lamar
47%
56,171Pearl River
41%
58,100Lowndes
35%
67,804Jones
29%

Score Distribution

Percentile by Number Answered

Percent of People with Each Score

Your Score History

You have not taken this quiz